Ngõ hẻm dưới ánh trăng; Tập truyện ngắn
Spremljeno u:
| Glavni autor: | |
|---|---|
| Format: | Knjiga |
| Jezik: | Undetermined |
| Izdano: |
Tp HCM
Văn Nghệ
2001
|
| Teme: | |
| Oznake: |
Dodaj oznaku
Bez oznaka, Budi prvi tko označuje ovaj zapis!
|
| Thư viện lưu trữ: | Trung tâm Học liệu Trường Đại học Cần Thơ |
|---|
| LEADER | 00582nam a2200193Ia 4500 | ||
|---|---|---|---|
| 001 | CTU_60236 | ||
| 008 | 210402s9999 xx 000 0 und d | ||
| 020 | |b 32000 | ||
| 082 | |a 836 | ||
| 082 | |b Z97 | ||
| 100 | |a Stefan Zweig | ||
| 245 | 0 | |a Ngõ hẻm dưới ánh trăng; Tập truyện ngắn | |
| 245 | 0 | |c Stefan Zweig; Phùng Đệ và Lê Thi biên dịch | |
| 260 | |a Tp HCM | ||
| 260 | |b Văn Nghệ | ||
| 260 | |c 2001 | ||
| 650 | |a short stories, austrian ( vietnamese ) | ||
| 904 | |i Minh | ||
| 980 | |a Trung tâm Học liệu Trường Đại học Cần Thơ | ||